000 00326nam a2200133Ia 4500
008 210210b xxu||||| |||| 00| 0 eng d
082 _a090/63
100 _aINDIAN RED CROSS SOCIETY.
245 _aTuberculosis.
260 _aDelhi
_bU P Public Health Department
_c
300 _a12
690 _aMedical Science
906 _a000701
999 _c77214
_d77214